000 01023nam a2200265 i 4500
001 148078
003 ES-MaACL
005 20250815082421.0
007 t|
008 070214s1960 sp r ||||1| spa d
080 _a338.5
245 0 0 _aEnsayos sobre la teoría de los precios /
_cG.J. Stigler y K.E. Boulding, directores de la edición ; traducción del inglés por Josefina Culebras, José L. Barinaga y Gonzalo Platas.
260 _aMadrid :
_bAguilar,
_c1960 (
_eValencia :
_fTip. Artística)
300 _aXV, 526 p. ;
_c24 cm.
490 1 _aBiblioteca de ciencias sociales. Sección primera: economía
650 7 _aPrecios
_2embne
_9144081
700 1 _aStigler, George J.
_9108219
700 1 _aBoulding, Kenneth E.
_930904
700 1 _aCulebras, Josefina.
_942129
700 1 _aBarinaga Blanco, José Luis.
_925652
700 1 _aPlatas, Gonzalo.
_992591
830 1 0 _aBiblioteca de ciencias sociales (Aguilar).
_pEconomía
_9181705
852 4 _aES-MaACL
_jC-18264
999 _c148078
_d148078